000 00973nam a2200301 i 4500
003 EG-GICUC
005 20260121101215.0
008 251112s1922 -uk f |||| 001 0 eng d
040 _aEG-GiCUC
_beng
_cEG-GiCUC
_dEG-GiCUC
_erda
041 0 _aeng
082 0 4 _221
_a339.2
_bCA . W
092 0 4 _221
099 _aLaw1 13 339.2 CA . W 2 ed - 1922
100 1 _aCannan , Edwin
_eAuthor.
245 1 0 _aWealth
_bA Brief Explanation Of The Causes Of Economic Welfare /
_cBy Edwin Cannan, Μ.A., Ll.d
250 _aSecond Edition.
264 1 _aLondon :
_bP. S. King & Son, Ltd ,
_c1922.
300 _a279 pages ;
_c20 cm.
336 _2rda content
_atext
337 _2rda media
_aComputer
338 _2rda carrier
_aOnline Resource
504 _aIncludes index.
546 _aText in English
650 1 4 _aPublic finance and tax legislation
856 4 0 _uhttps://fll.law.cu.edu.eg/fulltext/bks/B13-07502.pdf
905 _a48
942 _2ddc
_cBK
_e21
_n0
999 _c42880
_d42880